Indonesia : Staff Report for the 2004 Article IV Consultation and Post-Program Monitoring Discussions.

This paper reviews Indonesia's 2004 Article IV Consultation and Post-Program Monitoring Discussions. The Article IV consultation provided a timely opportunity to assess achievements under recent IMF arrangements and to take stock of remaining challenges. The discussions focused on policies to s...

Полное описание

Библиографические подробности
Соавтор: International Monetary Fund
Формат: Журнал
Язык:English
Опубликовано: Washington, D.C. : International Monetary Fund, 2004.
Серии:IMF Staff Country Reports; Country Report ; No. 2004/188
Online-ссылка:Full text available on IMF
LEADER 01765cas a2200241 a 4500
001 AALejournalIMF003085
008 230101c9999 xx r poo 0 0eng d
020 |c 5.00 USD 
020 |z 9781451818291 
022 |a 1934-7685 
040 |a BD-DhAAL  |c BD-DhAAL 
110 2 |a International Monetary Fund. 
245 1 0 |a Indonesia :   |b Staff Report for the 2004 Article IV Consultation and Post-Program Monitoring Discussions. 
264 1 |a Washington, D.C. :  |b International Monetary Fund,  |c 2004. 
300 |a 1 online resource (69 pages) 
490 1 |a IMF Staff Country Reports 
500 |a <strong>Off-Campus Access:</strong> No User ID or Password Required 
500 |a <strong>On-Campus Access:</strong> No User ID or Password Required 
506 |a Electronic access restricted to authorized BRAC University faculty, staff and students 
520 3 |a This paper reviews Indonesia's 2004 Article IV Consultation and Post-Program Monitoring Discussions. The Article IV consultation provided a timely opportunity to assess achievements under recent IMF arrangements and to take stock of remaining challenges. The discussions focused on policies to strengthen Indonesia's growth prospects. The emphasis was on identifying a set of policy actions to bolster competitiveness and growth that the authorities could implement even in an election environment. The mission recommended that the government focus on measures to address weaknesses in taxation and regulation, labor market uncertainties, and weaknesses in the legal system. 
538 |a Mode of access: Internet 
830 0 |a IMF Staff Country Reports; Country Report ;  |v No. 2004/188 
856 4 0 |z Full text available on IMF  |u http://elibrary.imf.org/view/journals/002/2004/188/002.2004.issue-188-en.xml  |z IMF e-Library